000 01438cam a2200361 a 4500
001 EDZ0000019044
003 StDuBDS
005 20161031105132.0
006 m||||||||d||||||||
007 cr |||||||||||
008 110107s2003 caua fo 001|0|eng|d
020 _a9781412914291 (ebook) :
_cNo price
040 _aStDuBDS
_beng
_cStDuBDS
_epn
049 _aAlfaisal Main Library
050 4 _aHQ1073
082 0 4 _a306.9
_222
245 0 0 _aHandbook of death & dying
_h[electronic resource] /
_cClifton D. Bryant, editor in chief.
260 _aThousand Oaks, [Calif.] ;
_aLondon :
_bSAGE,
_cc2003.
300 _a1 online resource (2 v. (xlii, 1088 p.)) :
_bill.
500 _a"A Sage Reference Publication.".
520 8 _aThe 'Handbook of Death and Dying' takes stock of the vast literature in the field of thanatology, arranging & synthesizing what has been an unwieldy body of knowledge into a concise, yet comprehensive reference work.
521 _aSpecialized.
588 _aDescription based on print version record.
504 _aIncludes bibliographical references and index.
650 0 _aDeath
_xSocial aspects.
650 0 _aThanatology.
655 7 _aElectronic books.
_2local
700 1 _aBryant, Clifton D.,
_d1932-
710 2 _aSage eBooks
776 0 8 _iPrint version :
_z9780761925149
856 4 0 _uhttp://ezproxy.alfaisal.edu/login?url=http://sk.sagepub.com/reference/death
942 _2lcc
_cEBOOKS
999 _c480055
_d480055